| 000 | nam a22 7a 4500 | ||
|---|---|---|---|
| 999 |
_c27442 _d27442 |
||
| 008 | 170208b xxu||||| |||| 00| 0 eng d | ||
| 020 | _a0395633400 | ||
| 050 | _aHD 70 .U5P75 1993 | ||
| 100 | _aPride, William M. | ||
| 245 |
_aBusiness/ _cWilliam M. Pride, Robert J. Hughes and Jack R. kapoor. |
||
| 250 | _a4th ed. | ||
| 260 |
_aBoston : _bHoughton Mifflin company, _c1993. |
||
| 300 |
_axiv, 775p. : _bill. ; _c28cm. |
||
| 500 | _aInclude index. | ||
| 650 | _aBusiness. | ||
| 942 |
_2lcc _cBOOKS |
||